| 000 | 00000nam##2200000za#4500 |
| 001 | 9.607976 |
| 003 | CaOODSP |
| 005 | 20210624213408 |
| 007 | cr ||||||||||| |
| 008 | 150406|2003||||xxc|||||o f|0| 0 fre|d |
| 040 | |aCaOODSP|bfre |
| 043 | |an-cn--- |
| 086 | 1 |aNH18-22/103-127F-PDF |
| 110 | 2 |aSociété canadienne d'hypothèques et de logement. |
| 245 | 10|aEssais de résistance statique et de résistance dynamique aux séismes des parements de stucco avec écran pare-pluie pour les bâtiments résidentiels à ossature de bois de la C.-B. |h[ressource électronique] |
| 250 | |aRévision 2006 |
| 260 | |aOttawa - Ontario : |bSociété canadienne d'hypothèques et de logement |cc2003, 2006. |
| 300 | |a4p.|bill. en couleur |
| 490 | 1 |aLe point en recherche. Série technique |v03-127 |
| 500 | |aFichier reproduit à partir de l'original imprimé. |
| 590 | |a14-19-Supp|b2014-11-03 |
| 775 | 08|tStatic and dynamic earthquake testing of rainscreen stucco systems for B.C. residential wood-frame construction |w(CaOODSP)9.581127 |
| 776 | 0#|tEssais de résistance statique et de résistance dynamique aux séismes des parements de stucco avec écran pare-pluie pour les bâtiments résidentiels à ossature de bois de la C.-B. |w(CaOODSP)9.626477 |
| 830 | #0|aLe point en recherche. Série technique ;|v03-127|w(CaOODSP)9.501067 |
| 856 | 40|ahttp://publications.gc.ca|qPDF|s318 Ko|uhttps://publications.gc.ca/collections/collection_2014/schl-cmhc/NH18-22-103-127-fra.pdf|y03-127 |